| 000 | 00950nam a2200265 a 4500 | ||
|---|---|---|---|
| 001 | BRL_1008 | ||
| 005 | 20190320211007.0 | ||
| 008 | 311013s1973----mx-#######---#000-0#spa-# | ||
| 041 | _aspa | ||
| 044 | _amx | ||
| 050 | 4 |
_aHT127.5 _b.M67 1973 |
|
| 100 | 1 |
_aMorse, Richard M. _d1922-2001 _q(Richard McGee) _925556 |
|
| 245 | 1 | 0 |
_aLas ciudades latinoamericanas _cRichard M. Morse ; tr. preparada por el Seminario de Historia Urbana del Departamento de Investigaciones Históricas, INAH |
| 260 |
_aMéxico _bSecretaría de Educación Pública _c1973 |
||
| 300 |
_a2v. _c17 cm. |
||
| 440 | 0 |
_aSepsetentas _v96 _922717 |
|
| 500 | _aAu1118 | ||
| 504 | _aBibliografía: p. 203-212 | ||
| 504 | _aLa bibloteca cuenta solo con el v.1 | ||
| 505 | 0 | _aContenido: v.1. Antecedentes - v.2. Desarrollo histórico. | |
| 650 | 1 | 4 |
_aCiudades y pueblos _zAmérica Latina _925557 |
| 650 | 1 | 4 |
_aUrbanización _zAmérica Latina _925558 |
| 902 | _aGRL | ||
| 942 |
_2lcc _cB |
||
| 999 |
_c9820 _d9820 |
||